ბათუმის შოთა რუსთაველის სახელმწიფო უნივერსიტეტის ბიბლიოთეკა

რომი და აღმოსავლური რელიგიები ახ. წ. I-III სს. / (ბიბ.ჩანაწერი № 60105)

000 -ლიდერი
ფიქსირებული სიგრძის საკონტროლო ველი 01183nam a22002417a 4500
003 - საკონტროლო ნომრის იდენტიფიკატორი
საკონტროლო ველი Ge_BSU
005 - ბოლო ოპერაციის თარიღი და დრო
საკონტროლო ველი 20230608165836.0
008 - ფიქსირებული სიგრძის მონაცემთა ელემენტები - ზოგადი ინფორმაცია
ფიქსირებული სიგრძის საკონტროლო ველი 230608s2005 ge ||||| |||| 00| 0 geo d
041 ## - ენის კოდი
Language code of text/sound track or separate title geo
080 ## - უნივერსალური ათობითი კლასიფიკაციის ინდექსი
Universal Decimal Classification number 94(37) მ-97
100 ## - მთავარი ჩანაწერი - პიროვნების სახელი
Personal name მშვილდაძე, მარიკა
9 (RLIN) 15413
245 ## - ცნობა სათაურის შესახებ
Title რომი და აღმოსავლური რელიგიები ახ. წ. I-III სს. /
Statement of responsibility, etc [რედ.: გურამ ლორთქიფანიძე].
264 ## - წარმოების, გამოცემის, დისტრიბუციის და სხვა ცნობები
გამოცემის, წარმოების, დისტრიბუციის... ადგილი თბილისი :
გამოცემის, წარმოების, დისტრიბუციის... სახელწოდება ენა და კულტურა,
გამოცემის, წარმოების, დისტრიბუციის... თარიღი 2005.
300 ## - ფიზიკური აღწერა
Extent 333გვ. ;
Other physical details 20სმ.
504 ## - BIBLIOGRAPHY, ETC. NOTE
Bibliography, etc ბიბლიოგრ.: გვ. 289-314.
520 ## - SUMMARY, ETC.
Summary, etc რეზ. ინგლ. ენ.
653 ## - INDEX TERM--UNCONTROLLED
Uncontrolled term რელიგიური კულტები
653 ## - INDEX TERM--UNCONTROLLED
Uncontrolled term აღმოსავლეთის ხალხთა რელიგიები.
653 ## - INDEX TERM--UNCONTROLLED
Uncontrolled term ძველი რომის ისტორია.
653 ## - INDEX TERM--UNCONTROLLED
Uncontrolled term ძველი რომის იმპერიის რელიგიები.
700 ## - ADDED ENTRY--PERSONAL NAME
Personal name ლორთქიფანიძე, გურამ
Relator term რედაქტორი
9 (RLIN) 15412
942 ## - ADDED ENTRY ELEMENTS (KOHA)
Source of classification or shelving scheme
Koha item type წიგნი
ეგზემპლარები
ჩამოწერის სტატუსი დაკარგული ეგზემპლარის სტატუსი კლასიფიკაციის წყარო ან თაროზე გაწყობის სქემა დაზიანების სტატუსი არ გაიცემა მუდმივი მდებარეობა (დაცვის ადგილი) ამჟამინდელი ადგილსამყოფელი თაროზე განთავსების ადგილი შეძენის თარიღი ღირებულება, შესყიდვის ნორმალური ფასი სრული შენახვის შიფრი შტრიხკოდი ბოლო ოპერაციის თარიღი ეგზემპლარის მიმდევრობითი ნომერი (კეტერი?) Uniform Resource Identifier ფასის ძალაში შესვლის თარიღი ეგზემპლარის სახეობა საჯარო შენიშვნა
          ბათუმის შოთა რუსთაველის სახელმწიფო უნივერსიტეტის მთავარი ბიბლიოთეკა ბათუმის შოთა რუსთაველის სახელმწიფო უნივერსიტეტის მთავარი ბიბლიოთეკა წიგნსაცავი 2023-06-08 7.00 94(37) მ-97 64589 2023-06-08 64589 ბსუ-ს საპატიო დოქტორის გურამ ლორთქიფანიძის საჩუქარი 2023-06-08 წიგნი 7 ლ.